000 00241nam a22001097a 4500
003 SGT
100 _aKUNDRA, S.K.
245 _aVECTAR CALCULUS (BA/ B. Sc.-1)
260 _aNEW DELHI
_bJEEVANSONS
_c2016
300 _aV.P.
942 _2ddc
_cFPS
_016
999 _c10089
_d10089